000 00931nas a2200325 4500
001 BR2011007940
003 BR-BrBNA
005 20231205115236.0
007 ta
008 230509b bl.|||p| |||| 00| 00por d
040 _aBR-BrBNA
_bpor
_cBiblioteca Nacional de Agricultura
041 _a(En)
072 _aF01
100 1 _aAlvarenga, I.C.A.
100 1 _aValadares, R.V.
100 1 _aMartins, E.R.
100 1 _aOliveira, F.G.
100 1 _aFigueiredo, L.S. de
100 1 _aKobayaski, M.K.
245 1 _aWater stress before harvest of pepper-rosmarin
650 _aALECRIM
650 _aLIPPIA SIDOIDES
650 _aSTRESS
650 _aPLANTA MEDICINAL
650 _aFLAVONOIDE
650 _aÓLEO ESSENCIAL
773 0 _tPesquisa Agropecuária Brasileira (Brazil)
_xISSN 0100-204X
_g(Jul 2011), v. 46(7) p. 706-711
_wBR2011007940
909 _a202311
_bLúcia
_c55
_dLúcia Elande
942 _2AGRIS
_n0
_cANA
999 _c212786
_d212786